Turcja: Kluby piłkarskie Regionu Marmara - nagła śmierć - Statystyki

Ogólne statystyki
  • Ten quiz został rozwiązany 3 razy
    2 od ostatniego zresetowania
  • Średni wynik to 5 z 8
Answers on the Grid
Answers color-coded by a green-red scale on the quiz's grid according to % correct below.
Kayserispor
Kirklarelispor
Kocaelispor
Bucaspor 1928
Karacabey Belediyespor
Sanliurfaspor
Sakaryaspor
Guzide Gebzespor
Göztepe SK
Bursaspor
Caykur Rizespor
Inegölspor
Igdir FK
Bandirmaspor
Bodrum FK
Yeni Mersin İdmanyurdu
 
Statystyki odpowiedzi
Odpowiedź % Poprawnych
Karacabey Belediyespor
100%
Sakaryaspor
100%
Bandirmaspor
50%
Bursaspor
50%
Guzide Gebzespor
50%
Inegölspor
50%
Kocaelispor
50%
Kirklarelispor
0%
Nie znaleziono quizów pasujących do podanych kryteriów
Rozkład punktacji
Procent ludzi z każdym wynikiem
Percentyl według liczby udzielonych odpowiedzi
Twoja historia wyników
Nie rozwiązałeś tego quizu od ostatniego zresetowania